Normal view
MARC view
Entry Nome pessoal
001 - NÚMERO DE CONTROLE
- campo de controle: 1576
003 - IDENTIFICADOR DO NÚMERO DE CONTROLE
- campo de controle: DLC
005 - DATA E HORÁRIO DA ÚLTIMA TRANSAÇÃO
- campo de controle: 20250917140358.0
008 - CAMPO DE DADOS FIXOS
- campo de controle de tamanho fixo: 250917n| acannaabn |n aaa c
010 ## - NÚMERO DE CONTROLE DA LIBRARY OF CONGRESS
- Número de controle da LC: no2010180935
035 ## - NÚMERO DE CONTROLE DO SISTEMA
- Número de Controle do Sistema: (OCoLC)oca08680706
040 ## - FONTE DA CATALOGAÇÃO
- Instituição da catalogação original: IlMchBWI
- Idioma da catalogação: eng
- Instituição que transcreveu o registro: IlMchBWI
100 1# - CABEÇALHO--NOME PESSOAL
- Nome pessoal: Tømt, Wenche
400 ## - REMISSIVA VER--NOME PESSOAL
- Nome pessoal: Wenche Tømt